Light and Sound

Bibliographic Details
Main Author: Lafferty, Peter
Format: Book
Published: New York : Marshall Cavendish Corporation , 2000
Series:Let's investigate science
Subjects:

MARC

LEADER 00000cam a2200000 7i4500
001 0000051075
005 20161128.0
008 150809
020 |a 0761400281 (set) 
020 |a 0761400303 
020 |a 9780761400301 
090 0 0 |a SC   |b ENG 
100 1 |a Lafferty, Peter 
245 1 0 |a Light and Sound   |c Robin Kerrod;Illustrated by Terry Hadler 
260 |a New York :   |b Marshall Cavendish Corporation ,   |c 2000 
440 |a Let's investigate science 
500 |a Children ages 10-12 years old (pink) 
650 0 |a Evans, Ted 
650 0 |a Science   |x Juvenile literature 
999 |a 0000812120   |b Book   |c Children Collection   |e Cawangan Segamat 
999 |a 0000878000   |b Book   |c Children Collection   |e Cawangan Tmn. Ungku Tun Aminah